Textos religiosos hititas: mitos, plegarias y rituales

Guardat en:
Dades bibliogràfiques
Autor principal: García Trabazo, José Virgilio (Autor)
Format: Llibre
Idioma:espanyol
Publicat: Madrid Trotta 2002
Col·lecció:Biblioteca de Ciencias Bíblicas y Orientales
Matèries:
Etiquetes: Afegir etiqueta
Sense etiquetes, Sigues el primer a etiquetar aquest registre!

MARC

LEADER 00000nam a2200000 a 4500
001 UCM6051
003 CL-VaPUC
008 021025e20020000SP |||||||||||||||||spa|d
082 0 4 |a 299.199  |b GAR  |2 21 
100 0 |a García Trabazo, José Virgilio  |e author  |9 472062 
245 1 0 |a Textos religiosos hititas: mitos, plegarias y rituales 
300 |a 685 p 
942 |c BK 
945 |d 20021025 00:00:00  |a cmena 
260 |a Madrid  |b Trotta  |c 2002 
650 0 |a Creencia Religiosa  |9 316904 
650 7 |a PUEBLOS INDOEUROPEOS  |2 CL-VaPUC  |9 472063 
650 7 |a MITOLOGIA HITITA  |2 CL-VaPUC  |9 472064 
650 0 |a Ceremonias  |9 337653 
650 7 |a ORACIONES HITITAS  |2 CL-VaPUC  |9 472065 
583 |a last modification  |c 20021025 00:00:00  |k Rodrigo Vera 
490 0 |a Biblioteca de Ciencias Bíblicas y Orientales 
999 |c 301717  |d 301715 
952 |0 0  |1 0  |4 0  |6 299_199000000000000_GAR_2002  |7 0  |8 A  |9 361260  |a BIBTEO  |b BIBTEO  |d 2019-11-21  |i 3843866  |o 299.199 GAR 2002  |p 3843866  |r 2024-01-18  |w 2019-11-21  |y BK  |k ICR